Normal view
MARC view
Entry Personal Name
001 - CONTROL NUMBER
- control field: 504532
003 - CONTROL NUMBER IDENTIFIER
- control field: OSt
005 - DATE AND TIME OF LATEST TRANSACTION
- control field: 20220928143054.0
008 - FIXED-LENGTH DATA ELEMENTS
- fixed length control field: 220928|| aca||aabn | a|a d
040 ## - CATALOGING SOURCE
- Original cataloging agency: OSt
- Transcribing agency: OSt
100 ## - HEADING--PERSONAL NAME
- Personal name: Boltianskii Vladimir G
670 ## - SOURCE DATA FOUND
- Source citation: Work cat.: (OSt)823052: Boltianskii Vladimir G, Hilbert's third problem., 1978
